Analyzing documentary accounts

Saved in:  
Bibliographic Details
Main Author: Hodson, Randy (Author)
Format: Print Book
Language:English
Published: Thousand Oaks, Calif. [u.a.] Sage 1999
In: Sage University papers / Quantitative applications in the social sciences (128)
Year: 1999
Online Access: Table of Contents
Table of Contents
Publisher description
Table of contents
Availability in Tübingen:Present in Tübingen.
UB: KB 8 E 8168
Check availability: HBZ Gateway
Subito Delivery Service: Order now.
Keywords:

MARC

LEADER 00000cam a2200000 c 4500
001 1605344796
003 DE-627
005 20260206202733.0
007 tu
008 990824s1999 xxu||||| 00| ||eng c
010 |a  99006255  
020 |a 0761917438  |9 0-7619-1743-8 
035 |a (DE-627)1605344796 
035 |a (DE-603)091694485 
035 |a (DE-576)079404499 
035 |a (DE-599)BSZ079404499 
035 |a (OCoLC)40996003 
035 |a (OCoLC)246424603 
035 |a (OCoLC)40996003 
035 |a (OCoLC)246424603 
040 |a DE-627  |b ger  |c DE-627  |e rakwb 
041 |a eng 
044 |c XD-US  |c XA-GB  |c XB-IN 
050 0 |a H61.H633 1999 
050 0 |a H61 
082 0 |a 300 
084 |a MR 2100  |2 rvk  |0 (DE-625)rvk/123488: 
084 |a 70.03  |2 bkl 
100 1 |a Hodson, Randy  |4 aut 
245 1 0 |a Analyzing documentary accounts  |c Randy Hodson 
264 1 |a Thousand Oaks, Calif. [u.a.]  |b Sage  |c 1999 
300 |a VII, 88 S.  |b graph. Darst. 
336 |a Text  |b txt  |2 rdacontent 
337 |a ohne Hilfsmittel zu benutzen  |b n  |2 rdamedia 
338 |a Band  |b nc  |2 rdacarrier 
490 1 |a Quantitative applications in the social sciences  |v 128 
500 |a Literaturverz. S. 81 - 87 
505 8 |a Literaturverz. S. 81 - 87 
650 0 |a Content analysis Communication 
650 0 |a Social Sciences  |x Methodology 
650 0 |a CONTENT analysis (Communication) 
650 0 7 |0 (DE-588)4014606-6  |0 (DE-627)106339389  |0 (DE-576)208908633  |a Empirische Sozialforschung  |2 gnd 
650 0 7 |0 (DE-588)4122795-5  |0 (DE-627)10449350X  |0 (DE-576)209554304  |a Analyse  |2 gnd 
650 0 7 |0 (DE-588)4139988-2  |0 (DE-627)104312491  |0 (DE-576)209699000  |a Dokument  |2 gnd 
689 0 0 |d s  |0 (DE-588)4139988-2  |0 (DE-627)104312491  |0 (DE-576)209699000  |a Dokument  |2 gnd 
689 0 1 |d s  |0 (DE-588)4014606-6  |0 (DE-627)106339389  |0 (DE-576)208908633  |a Empirische Sozialforschung  |2 gnd 
689 0 2 |d s  |0 (DE-588)4122795-5  |0 (DE-627)10449350X  |0 (DE-576)209554304  |a Analyse  |2 gnd 
689 0 |5 (DE-627) 
830 0 |a Sage University papers / Quantitative applications in the social sciences  |v 128  |9 128  |w (DE-627)130502987  |w (DE-576)006613276  |w (DE-600)761415-9  |x 0149-192X  |7 am 
856 4 2 |u https://swbplus.bsz-bw.de/bsz079404499inh.htm  |m B:DE-576;DE-352  |q application/pdf  |v 20110407105921  |x Verlag  |3 Inhaltsverzeichnis  |7 1 
856 4 2 |u http://scans.hebis.de/HEBCGI/show.pl?09169448_toc.pdf  |m V:DE-576;B:DE-352  |q application/pdf  |3 Inhaltsverzeichnis  |7 1 
856 4 2 |u http://www.loc.gov/catdir/enhancements/fy0656/99006255-d.html  |x Verlag  |y Publisher description  |7 1 
856 4 2 |u http://www.loc.gov/catdir/enhancements/fy0656/99006255-t.html  |x Verlag  |y Table of contents  |7 1 
889 |w (DE-627)267347650 
935 |i mdedup 
935 |h HEB  |i 0501 
935 |h HEB  |i 0503 
936 r v |a MR 2100  |b Statistik für Soziologen  |k Soziologie  |k Sozialwissenschaftliche Theorien und Methoden  |k Methoden der Sozialforschung  |k Statistik für Soziologen  |0 (DE-627)1271427486  |0 (DE-625)rvk/123488:  |0 (DE-576)201427486 
936 b k |a 70.03  |j Methoden, Techniken und Organisation der sozialwissenschaftlichen Forschung  |0 (DE-627)106414097 
936 s n |a m200  |2 mzub 
951 |a BO 
ELC |b 1 
LOK |0 000 xxxxxcx a22 zn 4500 
LOK |0 001 3111007367 
LOK |0 003 DE-627 
LOK |0 004 1605344796 
LOK |0 005 20020416000000 
LOK |0 008 991012||||||||||||||||ger||||||| 
LOK |0 040   |a DE-21  |c DE-627  |d DE-21 
LOK |0 852   |a DE-21 
LOK |0 852 1  |c KB 8 E 8168  |9 00 
LOK |0 935   |a krim 
LOK |0 936ln  |a k1.6 
LOK |0 939   |a 12-10-99  |b l01 
ORI |a SA-MARC-krimdoka001.raw 
SIG |a UB: KB 8 E 8168